Mots de la langue française terminés par "daire" - Statistiques

Statistiques générales
  • Ce quiz a été pris 273 fois
  • Le résultat moyen est 6 sur 12
Statistiques - réponses
Indice Mot % Correct
réfrigérateur frigidaire
93%
réverbère lampadaire
89%
journal hebdomadaire
83%
méhari dromadaire
75%
richissime milliardaire
74%
kamikaze suicidaire
59%
concis, court lapidaire
42%
lié solidaire
28%
accessoire secondaire
25%
bénéficiaire recipiendaire
22%
célèbre légendaire
18%
support visuel abécédaire
14%
Aucun quiz correspondant
Distribution des résultats
% des personnes avec chaque résultat
Percentile par nombre de réponses
Votre historique - résultats
Vous n’avez pas pris ce quiz